Invasions / Eugene Izzi.
Record details
- ISBN: 0553057693
- Physical Description: 311 pages ; 25 cm.
- Publisher: New York : Bantam, 1990.
| LDR | 00603cam a2200205 a 4500 | ||
|---|---|---|---|
| 001 | 122827 | ||
| 003 | CONS | ||
| 005 | 20140703073300.0 | ||
| 008 | 900102s1990 nyu 000 1 eng | ||
| 010 | . | ‡a 89018670 | |
| 020 | . | ‡a0553057693 | |
| 035 | . | ‡a(CPomAG)LMN479375 | |
| 050 | 0 | 0. | ‡aPS3559.Z9 ‡bI58 1990 |
| 082 | 0 | 0. | ‡a813/.54 ‡220 |
| 100 | 1 | . | ‡aIzzi, Eugene. |
| 245 | 1 | 0. | ‡aInvasions / ‡cEugene Izzi. |
| 260 | . | ‡aNew York : ‡bBantam, ‡c1990. | |
| 300 | . | ‡a311 pages ; ‡c25 cm. | |
| 959 | . | ‡i32269000123854 ‡lF Izz ‡aAdult - Fiction ‡tFiction ‡g17.95 | |
| 852 | . | ‡p32269000123854 ‡jF Izz ‡gAdult - Fiction ‡cFiction ‡y17.95 ‡bSBPL | |
| 901 | . | ‡a122827 ‡bUnknown ‡c122827 ‡tbiblio | |